| 000 | 01134nam a22002537a 4500 | ||
|---|---|---|---|
| 003 | UA-OsUOA | ||
| 001 | 39693 | ||
| 007 | ta | ||
| 008 | 20060626b un ||||| |||| 00| 0 ukr d | ||
| 090 |
_a004.4 _bП11 |
||
| 942 | _cMG | ||
| 040 |
_aUA-OsUOA _bukr _cUA-OsUOA _dUA-OsUOA |
||
| 245 |
_aПравове, нормативне та метрологічне забезпечення системи захисту інформації в Україні _bВипуск 1 (12) Національний технічний університет України "Київський політехнічний інститут", Департамент спеціальних телекомунікаційних систем та захисту Служби Безпеки України _cВідп. ред. Найденко В.І. |
||
| 300 | _a194 с. | ||
| 955 | _a2 | ||
| 041 | _aukr | ||
| 080 | _a004.4 | ||
| 260 | _aК. | ||
| 246 | 3 | 1 |
_aНауково-технічний збірник _n |
| 044 | _aUA | ||
| 962 | _a2000 | ||
| 099 | _a23524 | ||
| 650 | 7 |
_a00 Загальні питання науки і культури _2UDC |
|
| 999 |
_c325832 _d325832 |
||